000
00309 a2200145 4500
001
148830
040
_c
Escola São Tomás de Aquino
100
_a
QUEIRÓS, Bartolomeu Campos de
240
1
0
_a
Ah!
_l
por
245
1
0
_a
Ah!
300
_a
39
362
0
_a
2007
697
_a
*LITERATURA INFANTO
942
_c
BK
999
_c
148830
_d
148830